• 首页
  • 本馆介绍
  • 公告通知
  • 最新文献
  • 馆藏检索
  • 电子资源
  • 读者导购
  • 参考咨询
  • 我的图书馆
  • 登录
  • 详细信息显示
  • 放入我的书架
  • 预约/预借图书
  • 作者相关作品
  • 分类相关作品
  • 丛书相关作品
  • 出版社相关作品

书目信息

  • 表格格式
  • 工作单格式
  • 卡片格式
题名:
化学信息学
    
 
作者: 陈连清 主编
分册:  
出版信息: 北京   化学工业出版社  2019
页数: 200页
开本: 26cm
丛书名:
单 册:
中图分类: G254.97
科图分类:
主题词: 计算机应用--ji suan ji ying yong--化学--情报检索--高等学校--教材
电子资源:
ISBN: 978-7-122-34366-6
000 01174nam0 2200265 450
001 012001008628
005 20140101152411.0
010    @a978-7-122-34366-6@dCNY39.80
099    @aCAL 012019100785
100    @a20190827d2019 em y0chiy50 ea
101 0  @achi
102    @aCN@b110000
105    @aa a 000yy
106    @ar
200 1  @a化学信息学@Ahua xue xin xi xue@f陈连清主编
210    @a北京@c化学工业出版社@d2019
215    @a200页@c图@d26cm
300    @a高等学校“十三五”规划教材
320    @a有书目
330    @a本书以化学化工文献资源检索和化学结构信息可视化为重点, 强调美国化学会、英国皇家化学会等数据库检索技术的使用, 全面地介绍了化学化工信息与数据库检索的基础知识、《美国文摘》数据库、常用全文数据库、常用电子期刊、特种信息资源、常用化学事实数据库及文献数据的管理软件等内容; 也强调了化学立体结构的表示方法和可视化、分子模型的构建及著名的分子图形软件的使用。为了满足教学的实际需要, 本书也介绍了重要的印刷类化学文献信息和软件。
606 0  @a计算机应用@Aji suan ji ying yong@x化学@x情报检索@x高等学校@j教材
690    @aG254.97@v5
701  0 @a陈连清@Achen lian qing@4主编
801  0 @aCN@b上海新华@c20191020
905    @b1185207-10@dG254.97@e142@f4
    
    化学信息学/陈连清主编.-北京:化学工业出版社,2019
    200页:图;26cm
    高等学校“十三五”规划教材
    
    ISBN 978-7-122-34366-6:CNY39.80
    本书以化学化工文献资源检索和化学结构信息可视化为重点, 强调美国化学会、英国皇家化学会等数据库检索技术的使用, 全面地介绍了化学化工信息与数据库检索的基础知识、《美国文摘》数据库、常用全文数据库、常用电子期刊、特种信息资源、常用化学事实数据库及文献数据的管理软件等内容; 也强调了化学立体结构的表示方法和可视化、分子模型的构建及著名的分子图形软件的使用。为了满足教学的实际需要, 本书也介绍了重要的印刷类化学文献信息和软件。
●
相关链接 在E读中查询图书 在五车中查询图书 在当当中查询图书 在豆瓣中查询图书


正题名:化学信息学     索取号:G254.97/142         预约/预借

序号 登录号 条形码 馆藏地/架位号 状态 备注
1 1185207   211852075   第一样本阅览室/ [索取号:G254.97/142] 在馆    
2 1185208   211852084   第四借阅区/ [索取号:G254.97/142] 在馆    
3 1185209   211852093   第四借阅区/ [索取号:G254.97/142] 在馆    
4 1185210   211852100   第四借阅区/ [索取号:G254.97/142] 在馆    
唐山师范学院图书馆 欢迎您!
大连网信软件有限公司© 版权所有